000 00862nam a2200277Ia 4500
003 OSt
005 20221006160719.0
006 a|||||r|||| 00| 0
007 ta
008 221006b |||||||| |||| 00| 0 eng d
020 _a9789004235281
_c7573.00
024 _a46,126
037 _bGift, Japan Foundation
_cTextual
040 _aEASL
_cEASL
_beng
041 _2eng
_aeng
082 _aT.10aV42:1, Q3
100 _aAspinall Robert W.
_9663705
245 0 _aInternational education policy in Japan in an age of globalisation and risk
260 _aLeiden
_bGlobal Oriental
_c2013
300 _a220p.
_ccm.
490 _v JEL
650 _a JEL
650 _aInternational Education policy - Japan - History
_9674747
942 _hT.10aV42:1, Q3
_cTEXL
_2CC
999 _c1114218
_d1114218